Statistics for 福建省下辖县级行政区地图 County-level administrative divisions of Fujian

Click here to take the quiz!

General Stats

  • This quiz has been taken 303 times
  • The average score is 55 of 84

Answers on the Map

Answers color-coded by a green-red scale on the quiz's map according to % correct below.
 

Answer Stats

县级类地名% Correct
金门县
90%
市辖区集美区
86%
县级市武夷山市
84%
县级市晋江市
84%
市辖区思明区
84%
平潭县
84%
县级市福清市
83%
连江县
83%
市辖区沙县区
82%
市辖区长乐区
81%
县级市福鼎市
80%
霞浦县
78%
市辖区湖里区
78%
县级市石狮市
78%
市辖区马尾区
77%
市辖区翔安区
76%
仙游县
74%
闽侯县
74%
市辖区鼓楼区
74%
市辖区同安区
74%
县级市福安市
73%
市辖区仓山区
72%
市辖区海沧区
71%
县级市建瓯市
70%
县级市南安市
69%
东山县
69%
市辖区泉港区
69%
市辖区鲤城区
69%
漳浦县
69%
长汀县
68%
闽清县
68%
惠安县
67%
云霄县
67%
诏安县
67%
古田县
67%
市辖区龙海区
66%
大田县
66%
安溪县
66%
罗源县
66%
市辖区晋安区
66%
市辖区永定区
66%
市辖区台江区
66%
市辖区蕉城区
64%
市辖区建阳区
64%
市辖区三元区
64%
德化县
64%
永泰县
63%
市辖区荔城区
62%
市辖区城厢区
62%
市辖区秀屿区
62%
柘荣县
61%
尤溪县
61%
永春县
61%
市辖区洛江区
61%
县级市漳平市
60%
市辖区延平区
60%
市辖区丰泽区
60%
市辖区涵江区
60%
将乐县
60%
泰宁县
60%
南靖县
60%
县级市邵武市
59%
周宁县
59%
上杭县
59%
市辖区新罗区
58%
连城县
58%
寿宁县
58%
建宁县
56%
浦城县
56%
宁化县
56%
平和县
56%
屏南县
54%
市辖区长泰区
54%
县级市永安市
54%
明溪县
54%
市辖区龙文区
54%
武平县
53%
光泽县
53%
华安县
53%
政和县
52%
市辖区芗城区
52%
清流县
51%
松溪县
50%
顺昌县
48%

Score Distribution

Percentile by Number Answered

Percent of People with Each Score

Your Score History

You have not taken this quiz